[Event "74. Deutsche Meisterschaft"]
[Site "Saarbruecken."]
[Date "2002.11.26"]
[Round "5"]
[White "Slobodjan, Roman"]
[Black "Gustafsson, Jan"]
[Result "0-1"]
[WhiteElo "2521"]
[BlackElo "2554"]
[PlyCount "52"]

1. c4 Nf6 2. Nc3 e5 3. Nf3 Nc6 4. g3 Nd4 5. Ng1 $2 {in der Variante 1.c4 c5 2.
Sc3 Sc6 3. Sf3 Sd4 ist 4. Sg1 !? gut spielbar, hier scheint dieser Ruckzug
jedoch sehr provokativ. Normal ist Lg2, auch Sh4 kommt in Frage} 5... d5 $1 {
Schwarz steht bereits angenehmer} 6. e3 Nc6 7. cxd5 Nxd5 8. d3 (8. a3 {
ist vielleicht das geringere Ubel}) 8... Be7 9. Nf3 O-O 10. Bd2 $2 {erneut sehr
riskant, vielleicht musste Weiss hier schon zu e4 greifen, um den Springer zu
einer Erklarung zu zwingen} (10. e4 Nb6 $15) 10... Ndb4 11. Qb1 Bf5 $1 12. Ne4
Bg4 13. Ng1 f5 {alles mit Tempo} 14. Nc3 f4 15. a3 fxe3 16. fxe3 {
soweit war nach Ld2 alles erzwungen, aber hier muss Schwarz harter nachsetzen}
16... Nd5 $2 (16... Qd7 $1 17. axb4 Qf5 18. Be2 Qf2+ 19. Kd1 Qg2 $19) (16...
Rxf1+ 17. Kxf1 Nxd3 {ist ebenfalls starker als Sd5, auch hier sollte Schwarz
entscheidenden Angriff haben}) 17. Bg2 Nb6 18. Ne4 Qd7 {
Schwarz steht nach wie vor besser, einfach ist es aber nicht mehr} 19. h3 (19.
Qc2 $5) 19... Bh5 20. g4 Bh4+ (20... Bg6 {war vielleicht genauer} 21. Nf3 Rad8
$17) 21. Kd1 (21. Ke2 Bxg4+) 21... Bg6 22. Qc2 $6 (22. Nc5 Qe7 23. Nxb7 Rf2 24.
Bxc6 Rf1+ 25. Ke2 Rxb1 26. Rxb1 Qf6 $19) (22. Ne2 Be7 23. N2c3 Rad8 24. Rf1 $17
{und ein sofortiges Ende ist nicht in Sicht}) 22... Bxe4 23. dxe4 Rf2 24. Nf3
Be7 $6 (24... Rd8 25. Rg1 Na5 $19) 25. Rh2 {verliert sofort} (25. Rg1 Rf8 {
war allerdings auch unerfreulich}) 25... Rf8 26. Ke1 (26. Ne1 Na5 27. Nd3 Nbc4
$19) 26... R8xf3 0-1

[Event "74. Deutsche Meisterschaft"]
[Site "Saarbruecken."]
[Date "2002.11.27"]
[Round "6"]
[White "Breutigam, Martin"]
[Black "Handke, Florian"]
[Result "0-1"]
[WhiteElo "2398"]
[BlackElo "2504"]
[PlyCount "100"]

1. d4 Nf6 2. c4 e6 3. Nc3 Bb4 4. Bg5 c5 5. dxc5 Qc7 6. Bxf6 gxf6 7. Rc1 Bxc5 8.
e3 f5 9. Nh3 b6 10. Be2 Bb7 11. Bf3 Nc6 12. Nf4 Rg8 13. Nd3 a6 14. a3 Bd6 15.
Nd5 Qd8 16. Nxb6 Qxb6 17. c5 Qa5+ 18. b4 Qxa3 19. cxd6 Nxb4 20. O-O Nxd3 21.
Bxb7 Rb8 22. Ra1 Qxd6 23. Rxa6 Qb4 24. Qxd3 Qxb7 25. g3 h5 26. h4 Qc7 27. Rd1
d5 28. Qa3 Rg4 29. Ra7 Qd8 30. Qc3 d4 31. exd4 Kf8 32. d5 Kg8 33. Qf3 Qb6 34.
Rd7 f4 35. Kg2 Qb2 36. Kh3 Qf6 37. dxe6 Qxe6 38. Rd8+ Kh7 39. Qd3+ Rg6+ 40. Kg2
Rxd8 41. Qxd8 Qe4+ 42. Kg1 fxg3 43. Qd3 gxf2+ 44. Kxf2 Qxh4+ 45. Kf1 Qh1+ 46.
Kf2 Qg2+ 47. Ke1 h4 48. Qf5 Qg3+ 49. Kf1 Kg7 50. Rd3 Qg1+ 0-1

7 f4 35. Kg2 Qb2 36. Kh3 Qf6 37. dxe6
Qxe6 38. Rd8+ Kh7 39. Qd3+ (39. Kg2 $11) 39... Rg6+ 40. Kg2 Rxd8 41. Qxd8 Qe4+
42. Kg1 fxg3 43. Qd3 gxf2+ 44. Kxf2 Qxh4+ 45. Kf1 Qh1+ 46. Kf2 Qg2+ 47. Ke1 h4
48. Qf5 Qg3+ 49. Kf1 Kg7 50. Rd3 Qg1+ 0-1